Statistics for Guess the 5 Ocean Quiz

Click here to take the quiz!

General Stats

  • This quiz has been taken 15 times
  • The average score is 4 of 5

Answer Stats

Area (sq km) / Average Depth (m) Answer % Correct
166,243,550 / 4,028Pacific Ocean
92%
73,429,850 / 3,963Indian Ocean
92%
86,558,900 / 3,926Atlantic Ocean
85%
20,329,000 / 4,000 - 5,000Southern Ocean
62%
13,226,875 / 1,205Arctic Ocean
23%

Score Distribution

Percentile by Number Answered

Percent of People with Each Score

Your Score History

You have not taken this quiz